00453nam a2200157Ia 4500003000400000008004100004040001600045082002200061100002400083245007200107260004100179300001100220650002400231650001800255650002200273GCL140319s9999 xx 000 0 eng d aGCL / cGCL04aCCb332.4042bL C1 aLANE POOLE, STANLEY10aCATALOGUE OF THE COLLECTION OF ARABIC COINS / cLANE POOLE, STANLEY a[S.N] : bAL-ARAB BOOKSHOP ، c1984 a384 PP04aARABIC CIVILIZATION04aCOINS, ARABIC04aCOINS, COLLECTION